Science Quiz

Random Science or World Quiz

Find the Tectonic Plates Quiz Stats

Quiz Updated Jan 24, 2016

Challenge
Share
Tweet
Score 0/15 Timer 03:00
6 Plays Today
% Correct
North American plate
93.4%
Eurasian plate
91.8%
Australian plate
91.7%
Antarctic plate
90.9%
African plate
90.9%
South American plate
90.4%
Pacific plate
87.6%
Arabian plate
86%
% Correct
Caribbean plate
85%
Indian plate
84.4%
Filipino plate
79.5%
Nazca plate
70.1%
Cocos plate
67.4%
Scotia plate
56.7%
Juan de Fuca plate
51.6%

You're not logged in!

Compare scores with friends on all Sporcle quizzes.
Sign Up with Email
OR
Log In

You Might Also Like...

Show Comments

Extras

Top Quizzes Today


Score Distribution

Your Account Isn't Verified!

In order to create a playlist on Sporcle, you need to verify the email address you used during registration. Go to your Sporcle Settings to finish the process.